| 000 | 00452cam a2200181ua 4500 | ||
|---|---|---|---|
| 020 | _c4.00 | ||
| 041 |
_aeng _h |
||
| 082 |
_a425 _bTRE/PR |
||
| 100 | _aTregidgo, P S . | ||
| 245 |
_aPractical English usage for overseas students / _cP S Tregidgo. _hTextual Documents |
||
| 250 |
_a1 / _b. |
||
| 260 |
_aLondon : _bLongman Green and Co , _c1960. |
||
| 300 | _a293 ; . | ||
| 365 | _a4.00 | ||
| 504 | _a | ||
| 942 | _cBK | ||
| 999 |
_c8651 _d8651 |
||